[Event "30. Ciudad de Sevilla 2014"]
[Site "Sevilla ESP"]
[Date "2014.01.18"]
[Round "9.12"]
[White "Melero Fidalgo, Juan De Dios"]
[Black "Vinal Gutierrez, Pedro"]
[Result "1-0"]
[WhiteElo "2245"]
[BlackElo "2124"]
[PlyCount "77"]
[EventDate "2014.01.10"]
[EventType "swiss"]
[EventRounds "9"]
[EventCountry "ESP"]
[Source "lmi"]
[SourceDate "2014.01.10"]

1. d4 Nf6 2. c4 c5 3. d5 e6 4. Nc3 exd5 5. cxd5 d6 6. e4 g6 7. Nge2 Bg7 8. Ng3
O-O 9. Be2 a6 10. a4 Nbd7 11. O-O Rb8 12. Bg5 h6 13. Be3 Qb6 14. Qd2 Kh7 15.
Rfb1 Qc7 16. Rc1 Re8 17. f3 b6 18. Nh1 Bb7 19. Nf2 Re7 20. Rab1 Qd8 21. Nd3
Nxd5 22. Nxd5 Bxd5 23. Nxc5 Nxc5 24. Qxd5 f5 25. b3 fxe4 26. f4 Rbb7 27. a5 Qg8
28. Qxg8+ Kxg8 29. Bc4+ Kf8 30. b4 Nd3 31. axb6 Nxc1 32. Rxc1 Ke8 33. Bxa6 d5
34. Rc8+ Kf7 35. Bxb7 Ke6 36. Rc7 d4 37. Bd5+ Kxd5 38. Rxe7 dxe3 39. Rxg7 1-0

[Event "30. Ciudad de Sevilla 2014"]
[Site "Sevilla ESP"]
[Date "2014.01.18"]
[Round "9.13"]
[White "Bermudes Barrera, Eduardo"]
[Black "Van Hoolandt, Patrick"]
[Result "1-0"]
[WhiteElo "2069"]
[BlackElo "2199"]
[PlyCount "89"]
[EventDate "2014.01.10"]
[EventType "swiss"]
[EventRounds "9"]
[EventCountry "ESP"]
[Source "lmi"]
[SourceDate "2014.01.10"]

1. g3 d5 2. Bg2 c6 3. d3 Bg4 4. h3 Bh5 5. Nf3 Nd7 6. Nbd2 e6 7. e4 Bd6 8. O-O
Ne7 9. b3 O-O 10. Bb2 f6 11. d4 b5 12. c4 bxc4 13. bxc4 Qa5 14. exd5 cxd5 15.
Re1 Bf7 16. c5 Bc7 17. Bf1 Rfb8 18. Rc1 Nc6 19. a4 Bd8 20. Bc3 Qc7 21. Rb1 Rxb1
22. Qxb1 Be7 23. Bd3 g6 24. Qa1 e5 25. Nb3 e4 26. Bb5 Ndb8 27. Nh2 Be6 28. h4
g5 29. hxg5 fxg5 30. Qd1 Qc8 31. Bd2 Bf6 32. Be3 h6 33. Be2 Bg7 34. Bg4 Nb4 35.
Be2 N8c6 36. Qd2 Qc7 37. Ra1 a5 38. Rb1 Rb8 39. Bb5 Bf5 40. Nxa5 Nxa5 41. Rxb4
Nb7 42. Qb2 Nxc5 43. Qa2 Ne6 44. Qxd5 Qf7 45. Rc4 1-0

[Event "30. Ciudad de Sevilla 2014"]
[Site "Sevilla ESP"]
[Date "2014.01.18"]
[Round "9.14"]
[White "Alba Huescar, Pedro"]
[Black "Valenti, Giuseppe"]
[Result "0-1"]
[WhiteElo "1901"]
[BlackElo "2172"]
[PlyCount "79"]
[EventDate "2014.01.10"]
[EventType "swiss"]
[EventRounds "9"]
[EventCountry "ESP"]
[Source "lmi"]
[SourceDate "2014.01.10"]

1. d4 Nf6 2. Nf3 e6 3. e3 c5 4. c3 b6 5. Bd3 Bb7 6. O-O Be7 7. Re1 Nc6 8. e4
cxd4 9. Nxd4 Ne5 10. Bc2 O-O 11. Bf4 d6 12. Nd2 a6 13. Bxe5 dxe5 14. N4f3 Qc7
15. Qe2 b5 16. Nb3 Bc6 17. Rac1 a5 18. h3 a4 19. Nbd2 Bc5 20. a3 Nh5 21. Kh2 g6
22. g3 Rfe8 23. Nf1 f5 24. exf5 exf5 25. Nxe5 Bxf2 26. Qxf2 Rxe5 27. Rxe5 Qxe5
28. Re1 Qd5 29. Ne3 Qf7 30. Bd1 Nf6 31. Bf3 Ne4 32. Qg2 Re8 33. Nf1 Rd8 34. Re2
Rd1 35. Nd2 Nxd2 36. Bxc6 Nf1+ 37. Kg1 Nxg3+ 38. Kh2 Nxe2 39. Qxe2 Qc7+ 40. Kg2
0-1

[Event "30. Ciudad de Sevilla 2014"]
[Site "Sevilla ESP"]
[Date "2014.01.18"]
[Round "9.15"]
[White "Vallbona Domingo, Joan"]
[Black "Gomez Rebollo, Alfonso Carlos"]
[Result "1-0"]
[WhiteElo "1968"]
[BlackElo "2150"]
[PlyCount "71"]
[EventDate "2014.01.10"]
[EventType "swiss"]
[EventRounds "9"]
[EventCountry "ESP"]
[Source "lmi"]
[SourceDate "2014.01.10"]

1. Nf3 f5 2. d4 Nf6 3. g3 g6 4. Bg2 Bg7 5. b3 O-O 6. Bb2 d5 7. O-O Ne4 8. c4 c6
9. Qc2 Be6 10. e3 Nd7 11. Nbd2 h6 12. Rfd1 Rc8 13. Rac1 Qe8 14. Ne1 Nb6 15.
cxd5 cxd5 16. Qb1 g5 17. f3 Nxd2 18. Rxd2 f4 19. Rxc8 Nxc8 20. e4 fxg3 21. hxg3
Nd6 22. Qd3 Qb5 23. Qxb5 Nxb5 24. a4 Nd6 25. Nd3 b6 26. e5 Nf5 27. Kf2 Rc8 28.
f4 g4 29. Nb4 Rd8 30. Rc2 Rd7 31. Rc6 Kf7 32. Na6 Rd8 33. Rc7 Ra8 34. Nb4 a5
35. Bxd5 axb4 36. Bxa8 1-0

[Event "30. Ciudad de Sevilla 2014"]
[Site "Sevilla ESP"]
[Date "2014.01.18"]
[Round "9.16"]
[White "Ferrer Garcia, Isaac"]
[Black "Gimenez Iturralde, Daniel"]
[Result "1-0"]
[WhiteElo "2144"]
[BlackElo "2004"]
[PlyCount "59"]
[EventDate "2014.01.10"]
[EventType "swiss"]
[EventRounds "9"]
[EventCountry "ESP"]
[Source "lmi"]
[SourceDate "2014.01.10"]

1. c4 Nf6 2. g3 g6 3. Bg2 Bg7 4. Nc3 O-O 5. d3 d6 6. e4 e5 7. Nge2 Nc6 8. O-O
Nh5 9. Be3 f5 10. Qd2 f4 11. gxf4 exf4 12. Nxf4 Nxf4 13. Bxf4 Rxf4 14. Qxf4 g5
15. Qg3 h5 16. e5 Nxe5 17. f4 Ng4 18. fxg5 Qxg5 19. Qf4 Qxf4 20. Rxf4 c6 21. h3
Be5 22. Rf3 Bd4+ 23. Kh1 Ne5 24. Rg3+ Kh8 25. Rf1 Be6 26. Rf6 Bg8 27. Rh6+ Bh7
28. Be4 Ng4 29. Rxh7+ Kg8 30. hxg4 1-0

[Event "30. Ciudad de Sevilla 2014"]
[Site "Sevilla ESP"]
[Date "2014.01.18"]
[Round "9.17"]
[White "Lillo Castany, Victor"]
[Black "Ramirez Guerrero, Enrique"]
[Result "1-0"]
[WhiteElo "2315"]
[BlackElo "2043"]
[PlyCount "125"]
[EventDate "2014.01.10"]
[EventType "swiss"]
[EventRounds "9"]
[EventCountry "ESP"]
[Source "lmi"]
[SourceDate "2014.01.10"]

1. e4 e6 2. d4 d5 3. Nd2 dxe4 4. Nxe4 Bd7 5. Nf3 Bc6 6. Ng3 Nd7 7. Bd3 Ngf6 8.
O-O Be7 9. Re1 O-O 10. a3 a5 11. c4 Bxf3 12. Qxf3 c6 13. b3 Re8 14. Bb2 Nf8 15.
h4 Qb6 16. Rad1 Rad8 17. Bc2 Rd7 18. h5 h6 19. Re2 N8h7 20. Rde1 Red8 21. Kh1
Rc8 22. Qe3 Qc7 23. f4 Bd6 24. Rf1 c5 25. d5 exd5 26. cxd5 Nxd5 27. Bxh7+ Kxh7
28. Qe4+ Kg8 29. Bxg7 Kxg7 30. Nf5+ Kh8 31. Qxd5 Bxf4 32. Qf3 Bg5 33. Qc3+ f6
34. Re6 Rcd8 35. Rxf6 Bxf6 36. Qxf6+ Kh7 37. Qg6+ Kh8 38. Qf6+ Kh7 39. Qxh6+
Kg8 40. Qe6+ Kh7 41. Qh6+ Kg8 42. Qg5+ Kh7 43. Nh4 Rd1 44. Qf5+ Kh8 45. Ng6+
Kg7 46. Qf6+ Kg8 47. Ne7+ Qxe7 48. Qxe7 Rxf1+ 49. Kh2 Rdf8 50. Qxc5 R1f5 51.
Qc4+ Kh7 52. g4 R5f6 53. Qe4+ Kh6 54. Qxb7 Kg5 55. Kg3 R6f7 56. Qd5+ Kh6 57.
Kh4 Rf4 58. b4 axb4 59. axb4 R8f7 60. b5 R7f6 61. b6 Rf7 62. b7 Rxb7 63. Qg5+
1-0

[Event "30. Ciudad de Sevilla 2014"]
[Site "Sevilla ESP"]
[Date "2014.01.18"]
[Round "9.18"]
[White "Delgado Serrano, Angel"]
[Black "Castillo Gomez, Jesus"]
[Result "1-0"]
[WhiteElo "2136"]
[BlackElo "2032"]
[PlyCount "51"]
[EventDate "2014.01.10"]
[EventType "swiss"]
[EventRounds "9"]
[EventCountry "ESP"]
[Source "lmi"]
[SourceDate "2014.01.10"]

1. Nf3 d5 2. g3 c5 3. Bg2 Nc6 4. d4 Nf6 5. O-O e6 6. c4 dxc4 7. Qa4 Qa5 8. Qxc4
Qb4 9. Qxb4 Nxb4 10. Nc3 Bd7 11. dxc5 Bxc5 12. Ne5 Bc8 13. Bd2 Nbd5 14. Rac1
Be7 15. Nb5 O-O 16. e4 a6 17. Nd4 Nb6 18. Ba5 Nfd7 19. Nd3 Rb8 20. Rc2 Bf6 21.
Ne2 Re8 22. Rfc1 Na8 23. Bb4 Nab6 24. Bd6 Ra8 25. a4 Be7 26. Bxe7 1-0

[Event "30. Ciudad de Sevilla 2014"]
[Site "Sevilla ESP"]
[Date "2014.01.18"]
[Round "9.19"]
[White "Ballon, Guenther"]
[Black "Gaitan Ramirez, Alfonso"]
[Result "1/2-1/2"]
[WhiteElo "2126"]
[BlackElo "2020"]
[PlyCount "35"]
[EventDate "2014.01.10"]
[EventType "swiss"]
[EventRounds "9"]
[EventCountry "ESP"]
[Source "lmi"]
[SourceDate "2014.01.10"]

1. d4 d5 2. c4 e6 3. Nc3 c5 4. cxd5 exd5 5. Nf3 Nc6 6. g3 Nf6 7. Bg2 Be7 8. O-O
O-O 9. Bg5 c4 10. Ne5 Be6 11. b3 h6 12. Bxf6 Bxf6 13. bxc4 Bxe5 14. dxe5 dxc4
15. Qa4 Qd4 16. Rac1 Qxe5 17. Bxc6 bxc6 18. Qxc6 1/2-1/2

[Event "30. Ciudad de Sevilla 2014"]
[Site "Sevilla ESP"]
[Date "2014.01.18"]
[Round "9.20"]
[White "Fernandez Rodriguez, Jose A"]
[Black "Morillo-velarde Gallego, Anton"]
[Result "1-0"]
[WhiteElo "2114"]
[BlackElo "1960"]
[PlyCount "127"]
[EventDate "2014.01.10"]
[EventType "swiss"]
[EventRounds "9"]
[EventCountry "ESP"]
[Source "lmi"]
[SourceDate "2014.01.10"]

1. f4 Nf6 2. Nf3 d5 3. g3 c5 4. Bg2 Nc6 5. d3 g6 6. O-O Bg7 7. Nc3 O-O 8. e4
dxe4 9. dxe4 Bg4 10. e5 Ne8 11. Be3 b6 12. h3 Bd7 13. Qe2 e6 14. Rad1 Qe7 15.
Ng5 Rd8 16. Nge4 f6 17. exf6 Nxf6 18. Nxf6+ Bxf6 19. Ne4 Bg7 20. c3 h6 21. Qf2
Rf7 22. Nd6 Rff8 23. Qc2 Kh7 24. Be4 Rf6 25. Qg2 e5 26. fxe5 Nxe5 27. Rxf6 Bxf6
28. Bf4 Bg7 29. Kh2 Bxh3 30. Qxh3 Rxd6 31. Rxd6 Qxd6 32. Qc8 Qe7 33. Bd5 Nf7
34. Bc4 h5 35. Qa8 h4 36. Qd5 hxg3+ 37. Kxg3 Qe1+ 38. Kg2 Nh6 39. Bd3 Qh4 40.
Bg5 Qg4+ 41. Kf2 Nf5 42. Bd2 Qh4+ 43. Kf1 Qe7 44. Qf3 Qf6 45. Ke1 Bh6 46. Bxh6
Kxh6 47. Kd1 Qg5 48. Kc2 Qg2+ 49. Qxg2 Ne3+ 50. Kb3 Nxg2 51. Ka4 Nf4 52. Be4
Ne6 53. Kb5 Nc7+ 54. Kc6 Ne8 55. Bg2 Kg5 56. Kb7 b5 57. Kxa7 Nd6 58. Kb6 Nc4+
59. Kxc5 Nxb2 60. Kxb5 Kf4 61. a4 Nd1 62. Kb4 Ne3 63. Bb7 Ke5 64. Kc5 1-0